LIBRARY & INFORMATION CENTRE, KCAET, TAVANUR

ONLINE PUBLIC ACCESS CATALOGUE (OPAC)

General science for pre-university course / (Record no. 8516)

MARC details
000 -LEADER
fixed length control field 00346cam a2200133ua 4500
003 - CONTROL NUMBER IDENTIFIER
control field OSt
008 - FIXED-LENGTH DATA ELEMENTS--GENERAL INFORMATION
fixed length control field 210805b ||||| |||| 00| 0 eng d
082 ## - DEWEY DECIMAL CLASSIFICATION NUMBER
Classification number 501
Item number sci/ge
245 ## - TITLE STATEMENT
Title General science for pre-university course /
250 ## - EDITION STATEMENT
Edition statement 4 /
260 ## - PUBLICATION, DISTRIBUTION, ETC. (IMPRINT)
Place of publication :
Name of publisher Science staff of the Osmania university ,
Year of publication 1964.
300 ## - PHYSICAL DESCRIPTION
Number of Pages 252 ; .
942 ## - ADDED ENTRY ELEMENTS (KOHA)
Koha item type Books
Holdings
Withdrawn status Lost status Damaged status Home library Current library Date acquired Full call number Accession Number Koha item type
      KAUAET KAUAET 07/04/2012 501 11521 Books
Withdrawn     KAUAET Sanskrit University 07/12/2022 501 sci/ge 11154 Books
free website counter